1601 1673 1227 1135 1204 1386 1932 1154 1655 1912 1527 1494 1695 1582 1251 1989 1833 1435 1272 1061 1919 1267 1945 1329 1058 1989 1190 1988 1652 1527 1575 1755 1177 1467 1761 1928 1976 1529 1616 1521 1097 1259 1991 1174 1816 1545 1217 1798 1489 1845 1794 1929 1968 1690 1314 1258 1720 1701 1764 1353 1576 1971 1197 1188 1032 1937 1805 1595 1321 1356 1496 1048 1131 1926 1625 1475 1176 1995 1213 1060 1215 1072 1861 1793 1953 1819 1763 1664 1617 1789 1867 1443 1709 1416 1620 1168 1473 1855 1909 BCNSPRNW ULIB Ver.6.0+V

เปลี่ยนเป็นภาษาไทย

Change to English
 แสดงรายละเอียดบรรณานุกรม
  กลับหน้าหลัก

Brief Record : Get Marc (ISO 2709) : E-mail record : QR code < ปิดหน้าต่าง
LEADER : 00000nam 2200000uu 4500
001    13399124491
003     ULIB
008    150804s2557||||th 000 0 tha d
020    ^a9789746758215
060 04 ^aWY100.4^bว641ก
100 0  ^aวิพร เสนารักษ์
245 10 ^aการวินิจฉัยการพยาบาล /^cวิพร เสนารักษ์
250    ^aพิมพ์ครั้งที่ 18
260    ^aขอนแก่น :^bภาควิชาการพยาบาลอายุรศาสตร์และศัลยศาสตร์คณะแพทยศาสตร์ มหาวิทยาลัยขอนแก่น,^c2557
300    ^a253 หน้า ;^c27 ซม.
650  7 ^aการพยาบาล
653    ^aการวินิจฉัยทางการพยาบาล
710 2  ^aมหาวิทยาลัยขอนแก่น.^bภาควิชาการพยาบาลอายุรศาสตร์และศัลยศาสตร์
945    ^p200^l0^i23082
945    ^p200^l0^i23083
945    ^p200^l0^i23084
945    ^p200^l0^i23085
945    ^p200^l0^i23086
945    ^p200^l0^i23087
945    ^p200^l0^i23088
945    ^p200^l0^i23089
945    ^p200^l0^i23090
945    ^p200^l0^i23091
999    ^aทศพร เกษรทอง
รายการนี้ยังไม่มีแท็ก
คุณยังไม่ได้ล็อกอิน คุณสามารถมีกิจกรรมร่วมกับเว็บไซต์ได้ แต่ต้องล็อกอินก่อน ::
  ล็อกอิน

รายการสื่อสารสนเทศ

ลำดับที่ ประเภท เลขเรียก/บาร์โค้ด สถานที่ สถานะ
1. Book การพยาบาล
Book การพยาบาล
WY100.4 ว641ก ฉ.1 
  Barcode: 23082
ห้องสมุดวิทยาเขตนครสวรรค์
►หนังสือทั่วไป:l:General Books
ถูกยืม กำหนดส่งวันที่ 24 กรกฎาคม 2569
  จอง
2. Book การพยาบาล
Book การพยาบาล
WY100.4 ว641ก ฉ.10 
  Barcode: 23091
ห้องสมุดวิทยาเขตนครสวรรค์
►ส่วนจัดเก็บหนังสือเก่า นว.
บนชั้น
  ขอยืม
3. Book การพยาบาล
Book การพยาบาล
WY100.4 ว641ก ฉ.2 
  Barcode: 23083
ห้องสมุดวิทยาเขตนครสวรรค์
►ส่วนจัดเก็บหนังสือเก่า นว.
บนชั้น
  ขอยืม
4. Book การพยาบาล
Book การพยาบาล
WY100.4 ว641ก ฉ.3 
  Barcode: 23084
ห้องสมุดวิทยาเขตนครสวรรค์
►หนังสือทั่วไป:l:General Books
บนชั้น
5. Book การพยาบาล
Book การพยาบาล
WY100.4 ว641ก ฉ.4 
  Barcode: 23085
ห้องสมุดวิทยาเขตนครสวรรค์
►ส่วนจัดเก็บหนังสือเก่า นว.
บนชั้น
  ขอยืม
6. Book การพยาบาล
Book การพยาบาล
WY100.4 ว641ก ฉ.5 
  Barcode: 23086
ห้องสมุดวิทยาเขตนครสวรรค์
►ส่วนจัดเก็บหนังสือเก่า นว.
บนชั้น
  ขอยืม
7. Book การพยาบาล
Book การพยาบาล
WY100.4 ว641ก ฉ.6 
  Barcode: 23087
ห้องสมุดวิทยาเขตนครสวรรค์
►หนังสือทั่วไป:l:General Books
บนชั้น
8. Book การพยาบาล
Book การพยาบาล
WY100.4 ว641ก ฉ.7 
  Barcode: 23088
ห้องสมุดวิทยาเขตนครสวรรค์
►ส่วนจัดเก็บหนังสือเก่า นว.
บนชั้น
  ขอยืม
9. Book การพยาบาล
Book การพยาบาล
WY100.4 ว641ก ฉ.8 
  Barcode: 23089
ห้องสมุดวิทยาเขตนครสวรรค์
►ส่วนจัดเก็บหนังสือเก่า นว.
บนชั้น
  ขอยืม
10. Book การพยาบาล
Book การพยาบาล
WY100.4 ว641ก ฉ.9 
  Barcode: 23090
ห้องสมุดวิทยาเขตนครสวรรค์
►ส่วนจัดเก็บหนังสือเก่า นว.
บนชั้น
  ขอยืม

รายการใกล้เคียง
    ผู้แต่ง [วิพร เสนารักษ์]

    หัวเรื่อง [การพยาบาล]

BibComment


ยังไม่เคยถูกคอมเมนท์

คอมเมนท์ทรัพยากรรายการนี้
  คอมเมนท์: การวินิจฉัยการพย..


 Copyright 2026. Bcnsprnw @Library